[Event "Heusenstamm Sparkassen op-A 7th"]
[Site "Heusenstamm"]
[Date "2021.11.21"]
[Round "6.42"]
[White "Muedder, Rafael"]
[Black "Van den Hoff, Damien"]
[Result "1-0"]
[WhiteElo "1999"]
[BlackElo "1879"]
[PlyCount "73"]
[EventDate "2021.11.18"]
[EventType "swiss"]
[EventRounds "7"]
[EventCountry "GER"]
[SourceTitle "EXT 2023"]
[Source "ChessBase"]
[SourceDate "2022.10.05"]
[SourceVersion "1"]
[SourceVersionDate "2022.10.05"]
[SourceQuality "1"]

1. e4 e5 2. Nf3 Nc6 3. Bc4 Bc5 4. c3 Nf6 5. d4 exd4 6. cxd4 Bb4+ 7. Nc3 Nxe4 8. 0-0 Bxc3 9. d5 Bf6 10. Re1 Ne7 11. Rxe4 0-0 12. Bg5 Ng6 13. Bxf6 Qxf6 14. Qd4 Qxd4 15. Nxd4 d6 16. Rc1 f5 17. Ree1 Bd7 18. Bb5 Bxb5 19. Nxb5 Nf4 20. Rxc7 Nxd5 21. Rxb7 Rab8 22. Nxd6 Rxb7 23. Nxb7 g6 24. Nd6 Nc7 25. g3 Rd8 26. Re7 Rxd6 27. Rxc7 Rd2 28. Rxa7 Rxb2 29. a4 Ra2 30. a5 g5 31. h4 g4 32. Kf1 h5 33. a6 Kh8 34. Ke1 Kg8 35. Kd1 Rxf2 36. Rb7 Ra2 37. a7 1-0

[Event "Alicante IRT op 15th"]
[Site "Alicante"]
[Date "2021.09.25"]
[Round "3"]
[White "Van den Hoff, Damien"]
[Black "Aymerich Rosell, Pablo"]
[Result "1-0"]
[WhiteElo "1879"]
[BlackElo "2103"]
[PlyCount "103"]
[EventDate "2021.09.24"]
[EventType "swiss"]
[EventRounds "7"]
[EventCountry "ESP"]
[SourceTitle "CBM 204 Extra"]
[Source "ChessBase"]
[SourceDate "2021.11.30"]
[SourceVersion "1"]
[SourceVersionDate "2021.11.30"]
[SourceQuality "1"]

1. e4 c5 2. Nf3 Nc6 3. c3 Nf6 4. e5 Nd5 5. d4 cxd4 6. cxd4 d6 7. Bc4 e6 8. 0-0 Be7 9. a3 0-0 10. Re1 Bd7 11. Bb3 Qb6 12. Bc2 f5 13. Nc3 Nxc3 14. bxc3 dxe5 15. d5 Na5 16. Nxe5 Bc8 17. Qd3 exd5 18. Ng6 Qxg6 19. Qxd5+ Qf7 20. Qxa5 Bf6 21. Qb4 a5 22. Qb2 Kh8 23. Bb3 Qc7 24. Bd2 Bd7 25. Be6 Bc6 26. Rac1 Be5 27. h3 f4 28. Qa2 Rad8 29. c4 f3 30. g4 Bd4 31. Be3 Bxe3 32. Rxe3 Qf4 33. Rce1 Qh6 34. Kh2 Qh4 35. Bd5 Bxd5 36. cxd5 h6 37. Rd3 Rd6 38. Ree3 Qg5 39. Qd2 Qf4+ 40. Kg1 Rdf6 41. Qxa5 h5 42. d6 hxg4 43. Qh5+ Kg8 44. Qxg4 Qh6 45. Kh2 Rxd6 46. Rxf3 Rxf3 47. Rxf3 Rg6 48. Qc8+ Kh7 49. Rf8 Rg2+ 50. Kxg2 Qg5+ 51. Qg4 Qd5+ 52. Rf3 1-0

[Event "Alicante IRT op 15th"]
[Site "Alicante"]
[Date "2021.09.24"]
[Round "2"]
[White "Martinez Fernandez, Raul"]
[Black "Van den Hoff, Damien"]
[Result "1/2-1/2"]
[WhiteElo "2186"]
[BlackElo "1879"]
[PlyCount "150"]
[EventDate "2021.09.24"]
[EventType "swiss"]
[EventRounds "7"]
[EventCountry "ESP"]
[SourceTitle "CBM 204 Extra"]
[Source "ChessBase"]
[SourceDate "2021.11.30"]
[SourceVersion "1"]
[SourceVersionDate "2021.11.30"]
[SourceQuality "1"]

1. e4 e5 2. Nf3 Nc6 3. d4 exd4 4. Nxd4 Bc5 5. Be3 Qf6 6. c3 Bb6 7. g3 d6 8. Bg2 Ne5 9. 0-0 a6 10. Nc2 Bxe3 11. Nxe3 Ne7 12. Nd2 h5 13. f4 Ng4 14. Nxg4 hxg4 15. Rf2 Qh6 16. Nf1 g5 17. Qb3 Qe6 18. Qxe6 fxe6 19. e5 d5 20. Ne3 gxf4 21. Rxf4 Ng6 22. Rxg4 Nxe5 23. Rg7 Bd7 24. Rf1 0-0-0 25. h4 Rhg8 26. Rxg8 Rxg8 27. Kh2 Kd8 28. Bh3 Rh8 29. Ng4 Nc4 30. Rf2 Ke7 31. b3 Nd6 32. Ne5 Be8 33. Bg2 Nf5 34. Kh3 Kd6 35. Nf3 Ne3 36. Ng5 Nf5 37. Bf3 Ke7 38. Re2 Bd7 39. Bxd5 e5 40. Kg2 c6 41. Bf3 Kf6 42. Ne4+ Ke7 43. Nc5 Bc8 44. Rxe5+ Kd6 45. Nd3 Rg8 46. Kf2 Rxg3 47. Rxf5 Bxf5 48. Kxg3 Bxd3 49. Kf4 Bb1 50. Be4 Bxa2 51. Bc2 Ke6 52. h5 Kf6 53. h6 a5 54. Ke3 b5 55. Kd2 a4 56. bxa4 bxa4 57. Bxa4 Kg6 58. Bxc6 Kxh6 59. Kd3 Kg6 60. Kd4 Kf6 61. Bd5 Bb1 62. Kc5 Ke7 63. Kc6 Kd8 64. c4 Bf5 65. c5 Kc8 66. Kb6 Bd7 67. Bc6 Be6 68. Bb7+ Kd8 69. Kc6 Bd7+ 70. Kd6 Be8 71. Bc6 Bh5 72. Be4 Be8 73. Bd5 Bd7 74. Bc6 Bg4 75. Bb5 Bf3 1/2-1/2

[Event "Heusenstamm Sparkassen op-A 2nd"]
[Site "Heusenstamm"]
[Date "2015.11.27"]
[Round "2"]
[White "Hankel, Dennis"]
[Black "Van den Hoff, Damien"]
[Result "1-0"]
[WhiteElo "2180"]
[BlackElo "1836"]
[PlyCount "99"]
[EventDate "2015.11.26"]
[EventType "swiss"]
[EventRounds "7"]
[EventCountry "GER"]
[SourceTitle "EXT 2018"]
[Source "ChessBase"]
[SourceDate "2017.10.13"]
[SourceVersion "1"]
[SourceVersionDate "2017.10.13"]
[SourceQuality "1"]

1. e4 e5 2. Nf3 Nc6 3. Bb5 a6 4. Ba4 Nf6 5. 0-0 b5 6. Bb3 Bc5 7. d3 0-0 8. h3 d6 9. c3 Be6 10. Bc2 d5 11. Bg5 dxe4 12. dxe4 Qxd1 13. Rxd1 Be7 14. Nbd2 h6 15. Be3 Bd6 16. Nf1 Rfd8 17. Ng3 Ne7 18. Nh4 g5 19. Nhf5 Nxf5 20. Nxf5 Bxf5 21. exf5 Be7 22. Bb3 c5 23. c4 b4 24. Ba4 Rac8 25. Kf1 Ne4 26. g4 Nf6 27. Ke2 Kf8 28. f3 Bd6 29. h4 Nh7 30. Rh1 Kg7 31. hxg5 hxg5 32. f6+ Nxf6 33. Bxg5 Rh8 34. Bc2 Be7 35. Bf5 Rxh1 36. Rxh1 Rh8 37. Rxh8 Kxh8 38. Kd3 Kg7 39. Be3 Ne8 40. Ke4 Nd6+ 41. Kd5 Nxf5 42. gxf5 Kf6 43. Bxc5 Bxc5 44. Kxc5 Kxf5 45. Kd5 Kf4 46. c5 f5 47. c6 e4 48. fxe4 fxe4 49. c7 e3 50. c8Q 1-0

[Event "Brasschaat op 15th"]
[Site "Brasschaat"]
[Date "2015.08.21"]
[Round "7"]
[White "Van den Hoff, Damien"]
[Black "Colijn, Stefan"]
[Result "0-1"]
[WhiteElo "1805"]
[BlackElo "2264"]
[PlyCount "140"]
[EventDate "2015.08.15"]
[EventType "swiss"]
[EventRounds "9"]
[EventCountry "BEL"]
[SourceTitle "EXT 2016"]
[Source "ChessBase"]
[SourceDate "2015.10.08"]
[SourceVersion "1"]
[SourceVersionDate "2015.10.08"]
[SourceQuality "1"]

1. e4 d6 2. d4 Nf6 3. Nc3 c6 4. Nf3 Bg4 5. Be2 e6 6. h3 Bxf3 7. Bxf3 d5 8. e5 Nfd7 9. 0-0 Be7 10. Be3 0-0 11. Re1 c5 12. Ne2 cxd4 13. Bxd4 Nc6 14. Nf4 Nxd4 15. Qxd4 Bc5 16. Qd1 Qg5 17. Nd3 Bb6 18. Qc1 Qxc1 19. Raxc1 Rac8 20. c3 Rc7 21. Kf1 Rfc8 22. g3 a5 23. Bg2 Ba7 24. f4 Nb6 25. Ke2 f6 26. exf6 gxf6 27. b3 Rxc3 28. Rxc3 Rxc3 29. Kd2 Rc6 30. Rc1 Kf7 31. g4 Ke7 32. h4 h6 33. g5 hxg5 34. fxg5 Rxc1 35. Nxc1 fxg5 36. hxg5 Nd7 37. Nd3 Bd4 38. Bf3 Ne5 39. Nxe5 Bxe5 40. Ke3 Kd6 41. Bg2 Bb2 42. Kf4 Bc1+ 43. Kg4 Ke5 44. Kh5 Ba3 45. Kg6 Be7 46. Bh3 d4 47. Kf7 Bxg5 48. Bxe6 d3 49. Bg4 Kd4 50. Ke6 Kc3 51. Kf5 Bh6 52. Ke4 Kc2 53. Kd4 d2 54. Kc4 b6 55. a3 d1Q 56. Bxd1+ Kxd1 57. b4 axb4 58. Kxb4 Bd2+ 59. Kb3 Ba5 60. a4 Kd2 61. Kb2 Kd3 62. Kb3 Kd4 63. Ka2 Kc4 64. Ka3 Kc3 65. Ka2 Kb4 66. Kb2 Kxa4 67. Ka2 b5 68. Kb2 b4 69. Ka2 b3+ 70. Kb2 Bd8 0-1

[Event "ACT-ch"]
[Site "Canberra"]
[Date "2014.03.23"]
[Round "5"]
[White "Dunn, Paul1111"]
[Black "Van den Hoff, Damien"]
[Result "1-0"]
[WhiteElo "1143"]
[BlackElo "1440"]
[PlyCount "81"]
[EventDate "2014.03.21"]
[EventType "swiss"]
[EventRounds "9"]
[EventCountry "AUS"]
[SourceTitle "CBM 159 Extra"]
[Source "ChessBase"]
[SourceDate "2014.04.24"]
[SourceVersion "1"]
[SourceVersionDate "2014.04.24"]
[SourceQuality "1"]

1. d4 d5 2. c4 e6 3. g3 Nf6 4. Bg2 c6 5. Nf3 dxc4 6. a4 Bd6 7. 0-0 0-0 8. Qc2 b5 9. axb5 cxb5 10. Ne5 Nd5 11. Nc3 Bxe5 12. dxe5 Qb6 13. Nxd5 exd5 14. Rd1 Bb7 15. Be3 Qc7 16. f4 a6 17. Bxd5 Bxd5 18. Rxd5 Nc6 19. Rad1 Nb4 20. Qe4 Nxd5 21. Rxd5 Rad8 22. Rc5 Qd7 23. Kf2 Qd1 24. Rc6 Qa1 25. Bd4 Rfe8 26. Rc7 Qa5 27. Qb7 Qd2 28. Bc3 Qd5 29. Qb6 Qh1 30. h4 Rd1 31. Qa5 Qh2+ 32. Kf3 Rf1+ 33. Ke4 Qxe2+ 34. Kd5 Rd1+ 35. Kc5 Qe3+ 36. Kb4 Qxg3 37. Qxa6 Qxh4 38. e6 f6 39. Qc6 Qh5 40. Rf7 Qd5 41. Qxe8# 1-0

[Event "ACT-ch"]
[Site "Canberra"]
[Date "2014.03.23"]
[Round "4"]
[White "Van den Hoff, Damien"]
[Black "Braguine, Victor"]
[Result "0-1"]
[WhiteElo "1440"]
[BlackElo "1775"]
[PlyCount "84"]
[EventDate "2014.03.21"]
[EventType "swiss"]
[EventRounds "9"]
[EventCountry "AUS"]
[SourceTitle "CBM 159 Extra"]
[Source "ChessBase"]
[SourceDate "2014.04.24"]
[SourceVersion "1"]
[SourceVersionDate "2014.04.24"]
[SourceQuality "1"]

1. e4 c5 2. Nf3 d6 3. d4 cxd4 4. Nxd4 g6 5. c4 Bg7 6. Nc3 Nc6 7. Be3 Nf6 8. Be2 0-0 9. 0-0 Bd7 10. b3 Qa5 11. Rc1 Rac8 12. a4 a6 13. f3 Nxd4 14. Bxd4 Bh6 15. Bxf6 Bxc1 16. Bxe7 Be3+ 17. Kh1 Qxc3 18. Bxf8 Rxf8 19. Qxd6 Bc6 20. Qd1 Bd2 21. Qb1 Rd8 22. Rd1 Qe3 23. Bf1 Ba5 24. Rxd8+ Bxd8 25. Qd3 Bb6 26. Qxe3 Bxe3 27. g4 Kg7 28. Kg2 Kf6 29. Bd3 Ke5 30. Kf1 g5 31. Bc2 Bc5 32. h3 h6 33. Bd3 Kf4 34. Be2 Kg3 35. Bd1 Kxh3 36. Ke2 Kg2 37. Bc2 b5 38. axb5 axb5 39. Bd3 b4 40. Bc2 f6 41. Bd3 Be8 42. e5 Bc6 0-1